000 00959nam0a22002651 4500
001 rc\3300548
005 20130115145756.2
035 _a(NLR Aleph) 007408545
090 _a6790207
_c6790207
100 _a20130115d1973 |||y0rusy50 ca
101 0 _arus
102 _aRU
105 _ay z |||||
200 1 _aКомсомольское собрание - школа коммунистического воспитания молодежи
_fКабинет комс. работы Примор. краев. ком. ВЛКСМ
210 _aВладивосток
_cБ. и.
_d1973
215 _a[2], 38 с.
_d21
300 _aПеред загл. авт.: Даричев И.Д., преп.
320 _aБиблиогр.: с. 37-38
333 _aДля служебного пользования
700 1 _aДаричев
_bИ. Д.
801 0 _aRU
_bNLR
_gpsbo
801 1 _aRU
_bELAR
_2rusmarc
852 _aNLR
_j73-50к/1856
942 _cBOOK
980 _aNB